000 00290nam a22001337a 4500
008 170914b xxu||||| |||| 00| 0 eng d
020 _a013389388
041 _aeng
080 _23 ED
_a7
100 _a44
101 _aART
245 _aHISTORY OF ART
_cJANSON.H.W
942 _2udc
_cBK
999 _c27512
_d27512